LIBRARY & INFORMATION CENTRE, KCAET, TAVANUR

ONLINE PUBLIC ACCESS CATALOGUE (OPAC)

Shakespeare`s sources / (Record no. 5468)

MARC details
000 -LEADER
fixed length control field 00433cam a2200181ua 4500
041 ## - LANGUAGE CODE
Language code of text/sound track or separate title eng
082 ## - DEWEY DECIMAL CLASSIFICATION NUMBER
Classification number 828.09
Item number MUI/SH
100 ## - MAIN ENTRY--AUTHOR NAME
Personal name Muir, Kenneth .
245 ## - TITLE STATEMENT
Title Shakespeare`s sources /
250 ## - EDITION STATEMENT
Edition statement 1 /
260 ## - PUBLICATION, DISTRIBUTION, ETC. (IMPRINT)
Place of publication London :
Name of publisher Methuen and Co. Ltd ,
Year of publication 1965.
300 ## - PHYSICAL DESCRIPTION
Number of Pages 280 ; .
942 ## - ADDED ENTRY ELEMENTS (KOHA)
Koha item type Books
Holdings
Withdrawn status Lost status Damaged status Home library Current library Date acquired Full call number Accession Number Koha item type
Withdrawn     KAUAET Sanskrit University 07/04/2012 828.09 11683 Books
free website counter